000 03604njm a2200313 c 4500
003 BLK
005 20250321093849.0
007 sd ammalaaahaa
008 180413b bul||n|| |||||||| n|bulo|
028 _aBAA 865
040 _aBLK
041 _aBUL
_cBUL
080 _aКомунистически партии. Вж и 327.323
_b329.15
_x(086.7)
_z329.15(086.7)
100 _9363948
_aЖивков, Тодор Иванов
_eпърви автор
245 _aДокументални записи из речи, изказвания и доклади
_cТодор Живков
260 _aСофия
_bБалкантон
_c1981
_9210374
300 _a1 грамофонна плоча
_b33 об/мин, двустранна, стерео
_c30 см
380 _a3
500 _a I страна Реч при закриването на Десетия конгрес на БКП — 1.03 25 април 1971 година. Приветствена реч на тържественото заседание на Софийския градски комитет на БКП и СГНС в зала "Универсияда" по случай 80-годишнината на Столичната партийна организация — 2.25 27 декември 1971 година. Реч в отговор на приветствията, произнесени на вечеря в чест на 60-годишнината на другаря Тодор Живков — 10.49 7 септември 1971 година. Реч при закриването на Осми конгрес на БКП —2.43 14 ноември 1962 година Реч произнесена в Москва пред Международното съвещание на комунустическите и работническите партии — 2.57 10 юни 1969 година. Реч на Общоевропейското съвещание за сигурност и сътрудничество в Хелзинги — 3.37 30 юли 1975 година.
500 _aII страна Слово пред тържественото заседание на Народното събрание в зала "Универсиада" за провъзласяване на новата Конституция на Народна република България — 4.32 18 май 1971 година. Реч пред Осмия пленум на ЦК на ДКМС — 10.52 29 октомври 1969 година. Реч на тържествения митинг край язовир "Студена" по случай Седмицата на гората и залесяването на 10-милионния декар — 2.32 28 април 1969 година Из Отчетния доклад на Централния комитет на Българската комунистическа партия пред Дванадесетия конгрес на БКП — 4.40 31 март 1981 година. Слово при откриване на Дома-паметник на връх Бузлуджа — 3.00 23 август 1981 година. Записите са взети от "Златния фонд" на Българското Радио
653 _9492013
_aполитически дейци
653 _9195537
_aречи
852 _aФ ІІ 5095
856 4 _qpdf
_u
_i0.00
_ldisable
856 4 _qpdf
_u
_i0.00
_ldisable
942 _cGPL
_n0
944 _cВася Ганчева
_k30549
_lВася Ганчева
_a30549
944 _aED
_c26.01.2004
999 _c529650
_d529650